000
00256nam a2200097Ia 4500
001
681380
005
20250826161359.0
008
250824s9999 xx 000 0 und d
245
0
_a
ARKADAŞ DÜMENİ
_c
CHRİSTİNE NÖSTLİNGER
260
_b
GÜNIŞIĞI YAYINLARI
999
_c
681380
_d
681380